| 000 | 01601nam a2200337 ia4500 | ||
|---|---|---|---|
| 005 | 20260628134922.0 | ||
| 008 | 260628t20242024enka jr 000 1 eng d | ||
| 020 |
_a9781445190778 _cRM45.00 _qhardback |
||
| 040 |
_aPPAK _beng _cPPAK _erda |
||
| 082 | 0 | 4 |
_223 _a428.6 |
| 090 | 0 | 0 |
_a428.6 _bGRA _dK |
| 100 | 1 |
_aGraves, Sue, _eauthor. |
|
| 245 | 1 | 0 |
_aTIGER HAS A TANTRUM / _cSUE GRAVES AND TREVOR DUNTON |
| 250 | _aThis edition first published in 2024 | ||
| 264 | 1 |
_aLondon : _bFranklin Watts, _c2024 |
|
| 264 | 4 | _c©2024 | |
| 300 |
_a12 unnumbered pages : _bcolour illustrations ; _c18 cm |
||
| 336 |
_atext _2rdacontent |
||
| 337 |
_aunmediated _2rdamedia |
||
| 338 |
_avolume _2rdacarrier |
||
| 490 | 1 | _aBehaviour MATTERS! | |
| 500 | _aFirst published in 2014 by Franklin Watts. | ||
| 520 | _aTiger is in a terrible mood. He has been angry with everyone all day. Then Monkey accidentally chooses the book that Tiger wanted and Tiger has a tantrum in the library. How can Miss Bird help Tiger to manage his anger, and how can he make up with his friends? A lively board book that examines feelings of anger in an amusing but reassuring way through animal characters - perfect for young children who are experiencing angry emotions. The story offers a gentle way in to discuss this difficult emotion. | ||
| 650 | 1 | 0 |
_aReaders _vJuvenile fiction. |
| 650 | 2 | 0 | _aChildren's stories, English. |
| 650 | 2 | 0 |
_aBehavior modification _vJuvenile fiction. |
| 655 | _aBoard books | ||
| 700 | 1 |
_aDunton, Trevor, _eillustrator. |
|
| 830 | 0 | _aBehavior matters! | |
| 942 |
_2ddc _cB |
||
| 999 |
_c204701 _d204701 |
||